[Event "BCF-chT3W 2324 (4NCL)"]
[Site "England"]
[Date "2023.11.18"]
[Round "1.51"]
[White "Hazlehurst, Cory S"]
[Black "Pozimski, Szymon"]
[Result "1/2-1/2"]
[WhiteElo "2124"]
[BlackElo "2019"]
[PlyCount "147"]
[EventDate "2023.11.18"]
[EventType "team-tourn"]
[EventRounds "11"]
[EventCountry "ENG"]
[SourceTitle "EXT 2025"]
[Source "ChessBase"]
[SourceDate "2024.10.14"]
[SourceVersion "1"]
[SourceVersionDate "2024.10.14"]
[SourceQuality "1"]
[WhiteTeam "The MASCeteers"]
[BlackTeam "Oxford II"]
[WhiteTeamCountry "ENG"]
[BlackTeamCountry "ENG"]

1. d4 d5 2. Nf3 a6 3. e3 Nf6 4. c4 e6 5. Nbd2 c5 6. cxd5 Qxd5 7. Bc4 Qd8 8. dxc5 Bxc5 9. 0-0 Qe7 10. Nb3 Ba7 11. Qc2 0-0 12. Bd2 Bd7 13. Rac1 Nc6 14. Rfd1 Rac8 15. Qb1 b5 16. Bd3 h6 17. Bc3 Nd5 18. Be4 Nxc3 19. Rxc3 Nb8 20. Rdc1 Rxc3 21. Rxc3 f5 22. Bd3 Nc6 23. Qc1 Nb4 24. Bb1 Nd5 25. Rc2 b4 26. Ne5 Qd6 27. Nc6 Bb6 28. g3 Rc8 29. Nxb4 Nxb4 30. Rxc8+ Bxc8 31. Qxc8+ Kh7 32. Qc1 Qd5 33. Qd2 Qc4 34. Qc3 Qg4 35. Kg2 Nd5 36. Qd2 Qa4 37. Bxf5+ exf5 38. Qxd5 Qxa2 39. Qxf5+ Kh8 40. Qf8+ Kh7 41. Qa3 Qb1 42. Nd2 Qc2 43. Nf3 a5 44. Ne1 Qc6+ 45. Kg1 Bc7 46. Qd3+ Kh8 47. Qc2 Qb7 48. b3 Bd6 49. Ng2 Be5 50. Nh4 Bf6 51. Nf5 Qd7 52. e4 Qb7 53. Nd6 Qe7 54. Nc4 Qc5 55. Kg2 Bd4 56. f4 Kg8 57. Kf3 Kh8 58. e5 Qb4 59. Nd6 Bc5 60. Ne4 Bd4 61. g4 Qe1 62. Qe2 Qb1 63. Nd2 Qh1+ 64. Kg3 Qg1+ 65. Kh3 Qc1 66. e6 Bf6 67. f5 Qc2 68. Kg2 Bg5 69. Kf1 Bxd2 70. e7 Qc1+ 71. Kf2 Qc5+ 72. Kg3 Qc3+ 73. Kg2 Qc6+ 74. Kg3 1/2-1/2

[Event "Reykjavik op"]
[Site "Reykjavik"]
[Date "2023.04.01"]
[Round "5"]
[White "Pozimski, Szymon"]
[Black "Kasims, Stefans"]
[Result "1/2-1/2"]
[WhiteElo "1972"]
[BlackElo "1753"]
[PlyCount "64"]
[EventDate "2023.03.29"]
[EventType "swiss"]
[EventRounds "9"]
[EventCountry "ISL"]
[SourceTitle "CBM 213 Extra"]
[Source "ChessBase"]
[SourceDate "2023.05.31"]
[SourceVersion "1"]
[SourceVersionDate "2023.05.31"]
[SourceQuality "1"]

1. c4 e5 2. e3 Nf6 3. Nc3 Bb4 4. Nge2 0-0 5. Qb3 Nc6 6. Nd5 Bc5 7. Nec3 Re8 8. Be2 Bf8 9. d3 a6 10. Bd2 Rb8 11. 0-0 d6 12. Rfc1 g6 13. Qc2 Bg7 14. b4 Ne7 15. Rab1 c6 16. Nxf6+ Bxf6 17. a4 Be6 18. b5 axb5 19. Ne4 Bg7 20. axb5 c5 21. Ra1 h6 22. Ra4 g5 23. Nc3 g4 24. e4 Rf8 25. Qd1 Qc8 26. f3 gxf3 27. Bxf3 Kh8 28. Qe2 f5 29. Rf1 Ra8 30. Rfa1 Rb8 31. Rf1 Ra8 32. Rfa1 Rb8 1/2-1/2

[Event "Reykjavik op"]
[Site "Reykjavik"]
[Date "2023.03.31"]
[Round "4"]
[White "Colpe, Malte"]
[Black "Pozimski, Szymon"]
[Result "1-0"]
[WhiteElo "2356"]
[BlackElo "1972"]
[PlyCount "71"]
[EventDate "2023.03.29"]
[EventType "swiss"]
[EventRounds "9"]
[EventCountry "ISL"]
[SourceTitle "CBM 213 Extra"]
[Source "ChessBase"]
[SourceDate "2023.05.31"]
[SourceVersion "1"]
[SourceVersionDate "2023.05.31"]
[SourceQuality "1"]

1. e4 d5 2. exd5 Qxd5 3. Nc3 Qa5 4. d4 Nf6 5. Nf3 Bg4 6. h3 Bxf3 7. Qxf3 c6 8. Bd2 Nbd7 9. Bc4 e6 10. 0-0 Qc7 11. Rfe1 Bd6 12. Ne4 Nxe4 13. Rxe4 Nf6 14. Re2 0-0-0 15. Bb3 Kb8 16. Rae1 Ka8 17. Bg5 Be7 18. c3 Nd5 19. Bc1 Nf6 20. Bc2 h6 21. b4 Rhf8 22. a3 Rh8 23. Bb2 g5 24. c4 h5 25. d5 g4 26. Qg3 Qxg3 27. fxg3 cxd5 28. cxd5 Rxd5 29. Rf1 Rh6 30. Ref2 Ne8 31. Rxf7 Bd6 32. Be4 Rd2 33. Bc1 Re2 34. Bxb7+ Kb8 35. Bxh6 gxh3 36. gxh3 1-0

[Event "Reykjavik op"]
[Site "Reykjavik"]
[Date "2023.03.30"]
[Round "3"]
[White "Pozimski, Szymon"]
[Black "Eythorsson, Engilbert Vidar"]
[Result "1-0"]
[WhiteElo "1972"]
[BlackElo "1442"]
[PlyCount "137"]
[EventDate "2023.03.29"]
[EventType "swiss"]
[EventRounds "9"]
[EventCountry "ISL"]
[SourceTitle "CBM 213 Extra"]
[Source "ChessBase"]
[SourceDate "2023.05.31"]
[SourceVersion "1"]
[SourceVersionDate "2023.05.31"]
[SourceQuality "1"]

1. c4 e5 2. e3 c6 3. d4 exd4 4. Qxd4 d5 5. cxd5 cxd5 6. Nc3 Nf6 7. Nf3 Nc6 8. Bb5 Be6 9. Qa4 Qc7 10. 0-0 Bd6 11. Be2 a6 12. Nb5 Qd8 13. Nxd6+ Qxd6 14. b3 Ne4 15. Qa3 0-0 16. Qxd6 Nxd6 17. Ba3 Rfd8 18. Rfd1 Ne4 19. Rac1 Rac8 20. Kf1 h6 21. h3 b5 22. Bd3 Nf6 23. Bb1 b4 24. Bb2 Nd7 25. Bd3 a5 26. Ba6 Rc7 27. Be5 Ndxe5 28. Nxe5 Rd6 29. Bb5 Na7 30. Rxc7 Nxb5 31. Rcc1 Nc3 32. Rd2 Bc8 33. Ke1 Ba6 34. g3 Ne4 35. Rc6 Rxc6 36. Nxc6 Nxd2 37. Kxd2 Bb7 38. Nxa5 Ba8 39. Kd3 Kf8 40. Kd4 Ke7 41. Kc5 Kd7 42. Kxb4 Kd6 43. Kc3 f5 44. b4 g5 45. Kd4 h5 46. h4 g4 47. b5 f4 48. b6 fxg3 49. fxg3 Bc6 50. b7 Bxb7 51. Nxb7+ Ke6 52. Nc5+ Kd6 53. Nd3 Ke6 54. Nf4+ Kd6 55. Nxh5 Ke6 56. Nf6 Kd6 57. h5 Ke7 58. Nxg4 Kf7 59. Ke5 d4 60. exd4 Kg7 61. a4 Kh7 62. a5 Kg7 63. a6 Kh7 64. a7 Kg7 65. a8Q Kh7 66. Nf6+ Kh6 67. Kf5 Kg7 68. Qg8+ Kh6 69. Qg6# 1-0

[Event "BCF-chT 2122 (4NCL)"]
[Site "England"]
[Date "2022.06.25"]
[Round "10.18"]
[White "Terbe, Julianna"]
[Black "Pozimski, Szymon"]
[Result "1/2-1/2"]
[WhiteElo "2294"]
[BlackElo "1976"]
[PlyCount "65"]
[EventDate "2021.11.27"]
[EventType "team-swiss"]
[EventRounds "11"]
[EventCountry "ENG"]
[SourceTitle "EXT 2023"]
[Source "ChessBase"]
[SourceDate "2022.10.05"]
[SourceVersion "1"]
[SourceVersionDate "2022.10.05"]
[SourceQuality "1"]
[WhiteTeam "Chess.com Manx Liberty"]
[BlackTeam "Oxford"]
[WhiteTeamCountry "ENG"]
[BlackTeamCountry "ENG"]

1. e4 d5 2. exd5 Qxd5 3. Nc3 Qd8 4. d4 Nf6 5. Nf3 Bg4 6. h3 Bxf3 7. Qxf3 c6 8. Be3 e6 9. Bd3 Nbd7 10. 0-0-0 Qa5 11. Kb1 Bb4 12. Ne2 Qd5 13. Qg3 0-0 14. Qh4 Qh5 15. Qxh5 Nxh5 16. g4 Nhf6 17. g5 Nd5 18. Bc1 Bd6 19. h4 Rad8 20. c4 Ne7 21. f4 c5 22. Bc2 cxd4 23. Nxd4 Bb8 24. h5 e5 25. fxe5 Nxe5 26. b3 N5c6 27. Nxc6 Nxc6 28. Be4 Rfe8 29. Bd5 Rc8 30. g6 Nd8 31. Rhf1 hxg6 32. Bxf7+ Nxf7 33. Rd7 1/2-1/2

[Event "EU-ch Rapid"]
[Site "Katowice"]
[Date "2021.12.18"]
[Round "2"]
[White "Brodowski, Piotr"]
[Black "Pozimski, Szymon"]
[Result "1-0"]
[WhiteElo "2443"]
[BlackElo "1996"]
[PlyCount "57"]
[EventDate "2021.12.18"]
[EventType "swiss (rapid)"]
[EventRounds "11"]
[EventCountry "POL"]
[SourceTitle "CBM 205 Extra"]
[Source "ChessBase"]
[SourceDate "2022.01.31"]
[SourceVersion "1"]
[SourceVersionDate "2022.01.31"]
[SourceQuality "1"]

1. d4 d5 2. c4 dxc4 3. e4 e5 4. Nf3 Bb4+ 5. Bd2 Bxd2+ 6. Qxd2 exd4 7. Qxd4 Qxd4 8. Nxd4 Bd7 9. Bxc4 Ne7 10. Nc3 a6 11. 0-0-0 b5 12. Bb3 c5 13. Nf3 c4 14. Bc2 Bg4 15. Nd5 Nxd5 16. Rxd5 0-0 17. Nd4 Be6 18. Rd6 Ra7 19. Rd1 Bc8 20. e5 Rc7 21. f4 Bg4 22. Rd2 c3 23. bxc3 Rxc3 24. Kb2 Rc7 25. Bb3 Bc8 26. e6 fxe6 27. Nxe6 Bxe6 28. Bxe6+ Kh8 29. Rd8 1-0

[Event "EU-ch 21st"]
[Site "Reykjavik"]
[Date "2021.09.05"]
[Round "11"]
[White "Pozimski, Szymon"]
[Black "Papidakis, Georgios"]
[Result "0-1"]
[WhiteElo "2019"]
[BlackElo "2228"]
[PlyCount "68"]
[EventDate "2021.08.26"]
[EventType "swiss"]
[EventRounds "11"]
[EventCountry "ISL"]
[SourceTitle "CBM 204"]
[Source "ChessBase"]
[SourceDate "2021.10.31"]
[SourceVersion "1"]
[SourceVersionDate "2021.10.31"]
[SourceQuality "1"]

1. d4 Nf6 2. Nf3 e6 3. g3 b5 4. Bg2 Bb7 5. 0-0 c5 6. a4 b4 7. c4 Na6 8. b3 Be7 9. Bb2 0-0 10. Nbd2 cxd4 11. Bxd4 Bc5 12. e3 d6 13. Qe2 e5 14. Bb2 Qe7 15. Rfd1 Nd7 16. Ne1 e4 17. Nc2 f5 18. Rf1 Rae8 19. Rad1 Ne5 20. Ne1 Rf6 21. Nb1 Rh6 22. Bxe5 Qxe5 23. Qd2 g5 24. Nd3 Qe6 25. Nxc5 Nxc5 26. Qxb4 f4 27. exf4 gxf4 28. Rfe1 Qg6 29. Nc3 f3 30. Bf1 e3 31. Rxe3 Rxe3 32. fxe3 f2+ 33. Kxf2 Rxh2+ 34. Bg2 Rxg2+ 0-1

[Event "Katowice POL-HUN 5th"]
[Site "Katowice"]
[Date "2017.05.20"]
[Round "3"]
[White "Sanz Wawer, Daniel"]
[Black "Pozimski, Szymon"]
[Result "1-0"]
[WhiteElo "2115"]
[BlackElo "1981"]
[PlyCount "93"]
[EventDate "2017.05.20"]
[EventType "swiss (rapid)"]
[EventRounds "9"]
[EventCountry "POL"]
[SourceTitle "CBM 178 Extra"]
[Source "ChessBase"]
[SourceDate "2017.06.22"]
[SourceVersion "1"]
[SourceVersionDate "2017.06.22"]
[SourceQuality "1"]

1. d4 Nf6 2. c4 e6 3. Nc3 d5 4. cxd5 Nxd5 5. e4 Nxc3 6. bxc3 c5 7. Nf3 cxd4 8. cxd4 Bb4+ 9. Bd2 Bxd2+ 10. Qxd2 0-0 11. Bd3 Nc6 12. e5 Qa5 13. Qxa5 Nxa5 14. Ke2 Bd7 15. Ng5 h6 16. Ne4 Bc6 17. Rhg1 Bxe4 18. Bxe4 Rfd8 19. Rgd1 Rac8 20. Rac1 Kf8 21. Rxc8 Rxc8 22. d5 Ke7 23. d6+ Kd7 24. Rb1 Rc5 25. f4 b6 26. Bd3 f6 27. Rb5 Rc3 28. exf6 gxf6 29. Rh5 Kxd6 30. Rxh6 Nc6 31. Rxf6 Nb4 32. Bf5 Re3+ 33. Kxe3 Nd5+ 34. Kd4 Nxf6 35. Be4 Nh5 36. g3 Nf6 37. Bf3 b5 38. h4 a5 39. h5 a4 40. a3 Nd7 41. h6 e5+ 42. fxe5+ Nxe5 43. Bh5 Nc6+ 44. Kc3 b4+ 45. axb4 a3 46. h7 a2 47. Kb2 1-0

[Event "Plzen op 8th"]
[Site "Plzen"]
[Date "2016.10.15"]
[Round "7"]
[White "Pozimski, Szymon"]
[Black "Burnett, Andrew"]
[Result "1/2-1/2"]
[WhiteElo "1996"]
[BlackElo "2183"]
[PlyCount "108"]
[EventDate "2016.10.09"]
[EventType "swiss"]
[EventRounds "7"]
[EventCountry "CZE"]
[SourceTitle "EXT 2017"]
[Source "ChessBase"]
[SourceDate "2016.10.25"]
[SourceVersion "1"]
[SourceVersionDate "2016.10.25"]
[SourceQuality "1"]

1. e4 c5 2. Nf3 e6 3. b3 Nf6 4. Qe2 Nc6 5. Bb2 Be7 6. g3 0-0 7. Bg2 d5 8. d3 a5 9. a4 dxe4 10. dxe4 Nd4 11. Nxd4 cxd4 12. e5 Bb4+ 13. Nd2 Nd5 14. 0-0 Nc3 15. Bxc3 Bxc3 16. Rad1 Qc7 17. Nf3 Rd8 18. Qe4 Qc5 19. Ng5 f5 20. Qh4 h6 21. Ne4 fxe4 22. Qxd8+ Kf7 23. Bxe4 Qxe5 24. Bg2 Qf6 25. Qc7+ Qe7 26. Qc4 Qb4 27. Qe2 Qc5 28. Rd3 Ra6 29. Be4 Kg8 30. Qf3 Rb6 31. Bg6 Qe7 32. Qe4 e5 33. Rf3 Rf6 34. Rd1 Rxf3 35. Qxf3 Qf6 36. Qxf6 gxf6 37. Be4 f5 38. Bd5+ Kf8 39. f3 Ke7 40. Kf2 Kd6 41. Bc4 e4 42. h3 b6 43. Rg1 Bd2 44. Rd1 Be3+ 45. Ke2 exf3+ 46. Kxf3 Bb7+ 47. Ke2 Bg2 48. h4 Bh3 49. Re1 Bg4+ 50. Kd3 f4 51. gxf4 Bf5+ 52. Ke2 Bg4+ 53. Kd3 Bf5+ 54. Ke2 Bg4+ 1/2-1/2

[Event "Birmingham 4NCL op-B 3rd"]
[Site "Birmingham"]
[Date "2015.07.18"]
[Round "3"]
[White "Pozimski, Szymon"]
[Black "Price, Andrew"]
[Result "1-0"]
[WhiteElo "1948"]
[BlackElo "1831"]
[PlyCount "51"]
[EventDate "2015.07.17"]
[EventType "swiss"]
[EventRounds "5"]
[EventCountry "ENG"]
[SourceTitle "CBM 167 Extra"]
[Source "ChessBase"]
[SourceDate "2015.09.14"]
[SourceVersion "1"]
[SourceVersionDate "2015.09.14"]
[SourceQuality "1"]

1. e4 e6 2. d3 c5 3. Nf3 Nc6 4. g3 g6 5. Bg2 Bg7 6. 0-0 Nge7 7. c3 0-0 8. Be3 b6 9. Qc1 Ba6 10. Rd1 Rc8 11. Bh6 Qc7 12. Na3 Rfd8 13. Bxg7 Kxg7 14. Qe3 d5 15. d4 dxe4 16. Qxe4 cxd4 17. Nxd4 Nxd4 18. Rxd4 Nf5 19. Rdd1 Rd7 20. Qa4 Rxd1+ 21. Rxd1 Be2 22. Rd7 Qc5 23. Qxa7 Nd6 24. Qa4 Bd3 25. Qf4 Nf5 26. Rxd3 1-0